Statistiques concernant Paul Deschanel et sa présidence

Cliquez ici pour prendre le quiz!

Statistiques générales

  • Ce quiz a été pris 50 fois
  • Le résultat moyen est 11 sur 20

Statistiques - réponses

GroupeIndicesRéponses% Correct
PrésidenceIl souhaita intervenir plus fermement dans ce pays limitrophe, mais fit face à un refus du ParlementAllemagne
94%
PrésidenceAyant duré sept mois, son mandat est le deuxième plus ... de l'Histoire de la République françaiseBref
94%
PrésidenceIl tenta de leur octroyer le droit de vote, un quart de siècle avant que cela soit finalement le casFemmes
91%
BiographiePrestigieuse institution de lettres où il est élu en 1899Académie française
89%
Présidence"Adversaire" lors de l'élection, surnommé le TigreGeorges Clémenceau
89%
PrésidenceVéhicule duquel il chuta en pleine nuit en mai 1920Train
89%
BiographiePays de naissanceBelgique
80%
PrésidencePrésident du Conseil et successeurAlexandre Millerand
66%
PrésidenceElle mit fin à son mandatDémission pour raisons de santé
60%
FamilleParrain (célèbre écrivain romantique)Victor Hugo
54%
BibliographiePrésentation de son premier mandat de Président de la Chambre des députés{Quatre} ans de présidence
49%
BiographieEx-Président qui fut son témoin pour son mariage, en 1901Emile Loubet
43%
BiographieGrandes écoles et universités fréquentéesSciences Po
43%
CitationsCe peuple m’acclame mais je ne suis pas {digne} de lui.
40%
PrésidenceParti politique lors de son électionPRDS
37%
BiographieProfession de formationJournaliste
26%
CitationsL'{esprit} français, c'est la raison en étincelles.
26%
BibliographieBilan critique de la Grande GuerreLa France victorieuse : paroles de {guerre}
23%
FamillePère (professeur, écrivain et homme politique)Emile Deschanel
11%
BiographieGrandes écoles et universités fréquentéesFacultés de Droit et de Lettres de Paris
11%

Distribution des résultats

Percentile par nombre de réponses

% des personnes avec chaque résultat

Votre développement - résultats

Vous n’avez pas pris ce quiz